000 00522nam a2200193Ia 4500
003 OSt
005 20250214143128.0
008 210210b1983 xxu||||| |||| 00| 0 eng d
040 _cAL
041 _aKannada
082 _aK894.3 CHHM
100 _aCHHAYADEVI NANJAPPA.
_9138864
_dಛಾಯಾದೇವಿ ನಂಜಪ್ಪ
245 _aMadhuri.
_b ಮಾಧುರಿ
260 _aMaisuru
_bLakshmi Pablishing Haus
_c1983
300 _a154
690 _aKannada Fiction
_9138865
906 _a036387
942 _2ddc
_cBK
999 _c86750
_d86750